Rhymes for Annie Rose / (Record no. 48576)
| 000 -LEADER | |
|---|---|
| fixed length control field | 00537nam a2200157 4500 |
| 020 ## - INTERNATIONAL STANDARD BOOK NUMBER | |
| International Standard Book Number | 9780099464914 |
| 082 ## - DEWEY DECIMAL CLASSIFICATION NUMBER | |
| Classification number | 821/.914 |
| 100 1# - MAIN ENTRY--PERSONAL NAME | |
| Personal name | Hughes, Shirley, |
| Fuller form of name | author. |
| 9 (RLIN) | 86113 |
| 245 10 - TITLE STATEMENT | |
| Title | Rhymes for Annie Rose / |
| Statement of responsibility, etc | By Shirley Hughes. |
| 260 ## - PUBLICATION, DISTRIBUTION, ETC. (IMPRINT) | |
| Place of publication, distribution, etc | London : |
| Name of publisher, distributor, etc | Red Fox, |
| Date of publication, distribution, etc | 1997. |
| 300 ## - PHYSICAL DESCRIPTION | |
| Extent | 1 v. (unpaged) : |
| Other physical details | col. ill. ; |
| Dimensions | 23 x 28 cm. |
| 520 ## - SUMMARY, ETC. | |
| Summary, etc | A collection of more than twenty poems about young Annie Rose and the daily activities of a child. |
| 650 #0 - SUBJECT ADDED ENTRY--TOPICAL TERM | |
| Topical term or geographic name as entry element | Children's poetry, English. |
| 650 #1 - SUBJECT ADDED ENTRY--TOPICAL TERM | |
| Topical term or geographic name as entry element | English poetry. |
| 942 ## - ADDED ENTRY ELEMENTS (KOHA) | |
| Source of classification or shelving scheme | |
| Koha item type | Book |
| Withdrawn status | Lost status | Source of classification or shelving scheme | Damaged status | Not for loan | Home library | Current library | Date acquired | Total Checkouts | Full call number | Barcode | Date last seen | Price effective from | Koha item type |
|---|---|---|---|---|---|---|---|---|---|---|---|---|---|
| Logos International School | Logos International School | 03/11/2025 | J 821.914 HUG | 040504 | 03/20/2025 | 03/11/2025 | Book |